| 000 | 00862nam a2200217 a 4500 | ||
|---|---|---|---|
| 001 | 000037931 | ||
| 005 | 20240308073618.0 | ||
| 008 | 130308s2000 dr r 000 0 spa d | ||
| 020 | _a9993480266 | ||
| 040 |
_aDO-SdBNP _bspa _cBNPHU |
||
| 082 |
_a972.9303 _bR311d |
||
| 245 | 0 | 0 |
_aRecopilación diplomática : _brelativa a las colonias española y francesa de la isla de Santo Domingo 1684-1801 / _cCompilador Carlos Esteban Deive. |
| 260 |
_aSanto Domingo : _bComisión Permanente de la Feria del Libro, _c2000. |
||
| 300 |
_a528 p. ; _c24 cm. |
||
| 590 | _aInventariado, 2018/BT | ||
| 651 | 4 |
_aRepública Dominicana _xHistoria _9170 |
|
| 651 | 4 |
_aRepública Dominicana _xRelaciones Exteriores _92258 |
|
| 651 | 4 |
_aFrancia _xRelaciones Exteriores _954320 |
|
| 700 | 1 |
_aDeive, Carlos Esteban, _d1935-2019 _ecomp. _91916 |
|
| 910 | _aValidado. control de calidad. MFF | ||
| 999 |
_c37421 _d37421 |
||